000 01052nam a22002657a 4500
005 20170428112522.0
010 _a1617EN ENG-116880
020 _a9788126556373
_c599.00
035 _a1617EN
035 _aB-653974-979
035 _aB-669745
035 _aEN-100412
037 _bABC
037 _bDBAD/PUB
082 _a658.1511
100 _aKanhaiya Singh
245 _aManagement accounting:
_cby Kanhaiya Singh
_bconcepts and strategic costing decisions /
260 _c2015
_aNew Delhi
_bJohn Wiley
270 _a4435-36/7, Ansari Road,Daryaganj
_bNew Delhi
_e110002
300 _c24cm(pbk)
_axii,684p
_bill.
500 _aincludes index
942 _cEN
_2ddc
_h658.1511
_mKAN
999 _c101872
_d101872